| 000 | 00572nam a22001697a 4500 | ||
|---|---|---|---|
| 008 | 130821s fr gr fre | ||
| 040 |
_aCo-BoUCM _bspa |
||
| 041 | 0 | 0 | _afre |
| 100 |
_aRuskin, John,1819-1900 _9105130 |
||
| 245 | 0 | 3 |
_aLaBible d'Amiens _cJohn Ruskin ; traduction, notes et préface par Marcel Proust |
| 250 | _a7a. ed. | ||
| 260 |
_aParís (Francia) _bMercvre de France _c[fecha desconocida] |
||
| 300 | _a340 páginas | ||
| 500 | _aNotas a pie de página | ||
| 942 |
_cLIBRO _a4 _e7 _mR87 _n0 _2DEWEY _h220 |
||
| 999 |
_c86549 _d86549 |
||